| 000 | 00657nam a22001697a 4500 | ||
|---|---|---|---|
| 003 | OSt | ||
| 005 | 20151103110602.0 | ||
| 008 | 130409s2011 sp ||||| |||| 00| 0 cat d | ||
| 040 | _cCDMR | ||
| 245 | 0 | 0 |
_aEstudi dels dictàmens del Consell de la Informació de Catalunya (CIC) del període 1997-2011 _cGrup de recerca en periodisme (GRP), Universitat Pompeu Fabra ; Fundació Consell de la Informació de Catalunya |
| 260 |
_a[Barcelona] _c2011 |
||
| 300 | _a39 p. | ||
| 610 |
_94391 _aConsell de la Informació de Catalunya _vMemòries |
||
| 710 | 2 |
_94391 _aConsell de la Informació de Catalunya |
|
| 710 | 2 |
_9619 _aUniversitat Pompeu Fabra |
|
| 942 |
_2udc _cMON |
||
| 999 |
_c6069 _d6069 |
||